[Event "SR 3. liga A2 2010/2011"]
[Site "?"]
[Date "2011.04.03"]
[Round "11.1"]
[White "Blatnicky, Miroslav"]
[Black "Veselsky, Jozef"]
[Result "1/2-1/2"]
[WhiteElo "2119"]
[BlackElo "2118"]
[PlyCount "140"]
[EventDate "2010.??.??"]
[WhiteTeam "Slovakia"]
[BlackTeam "II"]
[WhiteTeamCountry "SVK"]
[BlackTeamCountry "SVK"]

1. e4 c5 2. Nf3 Nc6 3. d4 cxd4 4. Nxd4 g6 5. Nc3 Bg7 6. Be3 d6 7. Qd2 Nf6 8.
Be2 O-O 9. O-O-O a6 10. f3 Nxd4 11. Bxd4 Be6 12. g4 b5 13. g5 Nh5 14. Bxg7 Nxg7
15. Nd5 Bxd5 16. Qxd5 Rc8 17. Kb1 Ne6 18. h4 Qc7 19. Qd2 Nd4 20. c3 Nxe2 21.
Qxe2 Qc4 22. Qh2 Qe6 23. h5 Rc5 24. hxg6 Qxg6 25. Rdg1 Kh8 26. Qf4 Rg8 27. Rg4
Rxg5 28. Rxg5 Qxg5 29. Qxf7 Qg7 30. Qf5 Qg6 31. Qh3 d5 32. Qh4 dxe4 33. fxe4
Qg7 34. a4 bxa4 35. Qh6 Qxh6 36. Rxh6 Kg7 37. Rxa6 h5 38. Rxa4 h4 39. Kc2 h3
40. Ra1 h2 41. Rh1 Rh8 42. Kd2 Kf6 43. Ke3 Ke5 44. Kf3 e6 45. Kg3 Kxe4 46. Rxh2
Rg8+ 47. Kf2 Kd3 48. Rh3+ Kd2 49. Kf3 Rb8 50. Rh2+ Kd3 51. Kf4 Rb5 52. Rh3+ Kc4
53. b4 Rf5+ 54. Ke4 Rg5 55. Re3 Rf5 56. Rf3 Rh5 57. Kf4 Rf5+ 58. Kg3 Rh5 59.
Re3 Rf5 60. Kg2 e5 61. Rf3 Rg5+ 62. Kf2 e4 63. Rh3 Rd5 64. Ke2 Rg5 65. Ke3 Rg4
66. Rh8 Kxc3 67. b5 Rg6 68. Rb8 Kc4 69. b6 Kb5 70. b7 Kb6 1/2-1/2

[Event "SR 3. liga A2 2010/2011"]
[Site "?"]
[Date "2011.04.03"]
[Round "11.1"]
[White "Bukovsky, Milan"]
[Black "Lesny, Stefan"]
[Result "0-1"]
[WhiteElo "1985"]
[BlackElo "2100"]
[PlyCount "80"]
[EventDate "2010.??.??"]
[WhiteTeam "Slovakia"]
[BlackTeam "II"]
[WhiteTeamCountry "SVK"]
[BlackTeamCountry "SVK"]

1. c4 e5 2. Nc3 Nc6 3. Nf3 d6 4. g3 f5 5. d4 e4 6. Nd2 Nf6 7. d5 Ne5 8. b3 g6
9. Bb2 Bg7 10. e3 Qe7 11. Be2 Nfg4 12. Qc2 h5 13. h3 Nf6 14. O-O-O a6 15. a4
Nfd7 16. f3 exf3 17. Bxf3 Nxf3 18. Nxf3 Qxe3+ 19. Nd2 Ne5 20. Rde1 Qg5 21. Kb1
O-O 22. Ne2 Bd7 23. Qc3 Rf7 24. Nd4 Re8 25. Re3 c5 26. N4f3 Nxf3 27. Rxe8+ Bxe8
28. Nxf3 Qd8 29. Qd2 Bxb2 30. Kxb2 Qf6+ 31. Ka2 Re7 32. Re1 Kg7 33. h4 Bd7 34.
Ng5 Rxe1 35. Qxe1 Qe5 36. Qa5 Qe2+ 37. Kb1 f4 38. Qc7 Qe7 39. Qa5 Bf5+ 40. Ka2
fxg3 0-1

[Event "SR 3. liga A2 2010/2011"]
[Site "?"]
[Date "2011.04.03"]
[Round "11.1"]
[White "Horak, Ivan"]
[Black "Kovacocy, Pavel"]
[Result "0-1"]
[WhiteElo "2080"]
[BlackElo "2239"]
[PlyCount "108"]
[EventDate "2010.??.??"]
[WhiteTeam "Slovakia"]
[BlackTeam "II"]
[WhiteTeamCountry "SVK"]
[BlackTeamCountry "SVK"]

1. e4 c5 2. Nf3 g6 3. d4 cxd4 4. Nxd4 Nc6 5. Nc3 Bg7 6. Be3 Nf6 7. Nxc6 bxc6 8.
Bc4 Qa5 9. O-O Qb4 10. Qd3 Ng4 11. Bb3 Nxe3 12. Qxe3 d6 13. e5 Bxe5 14. Qf3 O-O
15. Qxc6 Bb7 16. Qd7 Qf4 17. Qh3 Bc8 18. Qg3 Qxg3 19. hxg3 Bxc3 20. bxc3 Bb7
21. Rfe1 e6 22. c4 Rac8 23. Rad1 Rfd8 24. Rd4 Kf8 25. g4 Rc5 26. f4 h5 27. g5
Ke7 28. Kf2 Bc6 29. Re3 a5 30. a4 Bb7 31. Kg3 Rdc8 32. Red3 R8c6 33. Re3 Kd7
34. Kf2 Ba6 35. Ree4 Kc7 36. g3 Rb6 37. Ke1 Bb7 38. Re3 Bc6 39. Red3 Bd7 40.
Kd2 Rcc6 41. Re3 Rb4 42. Re1 Rcb6 43. Ra1 Kc6 44. Ke3 Kc5 45. Rd3 Bc8 46. Rad1
Ba6 47. Rd4 Bxc4 48. Bxc4 Rxc4 49. Rxc4+ Kxc4 50. Rd3 d5 51. Kd2 d4 52. Kc1 Rb4
53. Ra3 Kd5 54. Kd2 Ke4 0-1

[Event "SR 3. liga A2 2010/2011"]
[Site "?"]
[Date "2011.04.03"]
[Round "11.1"]
[White "Jablonicky, Frantisek"]
[Black "Sebesta, Radovan"]
[Result "1/2-1/2"]
[WhiteElo "2150"]
[BlackElo "2076"]
[PlyCount "30"]
[EventDate "2010.??.??"]
[WhiteTeam "Slovakia"]
[BlackTeam "II"]
[WhiteTeamCountry "SVK"]
[BlackTeamCountry "SVK"]

1. Nf3 Nf6 2. d4 e6 3. c4 b6 4. g3 Bb7 5. Bg2 Bb4+ 6. Bd2 Bxd2+ 7. Nbxd2 O-O 8.
O-O d6 9. Re1 c5 10. e4 Nbd7 11. d5 exd5 12. cxd5 Re8 13. a4 Qc7 14. Qc2 Ne5
15. Nxe5 Rxe5 1/2-1/2

[Event "SR 3. liga A2 2010/2011"]
[Site "?"]
[Date "2011.04.03"]
[Round "11.1"]
[White "Kapusta, Petr"]
[Black "Janko, Michal"]
[Result "0-1"]
[WhiteElo "2172"]
[BlackElo "2274"]
[PlyCount "100"]
[EventDate "2010.??.??"]
[WhiteTeam "Slovakia"]
[BlackTeam "II"]
[WhiteTeamCountry "SVK"]
[BlackTeamCountry "SVK"]

1. e4 g6 2. d4 Bg7 3. Nc3 d6 4. Be3 a6 5. Qd2 b5 6. f3 Nd7 7. Nh3 Bb7 8. Nf2
Rc8 9. Be2 c5 10. O-O cxd4 11. Bxd4 Ngf6 12. a4 b4 13. Na2 a5 14. c3 Nc5 15.
Bb5+ Bc6 16. Bxc6+ Rxc6 17. Nc1 Ne6 18. Nb3 Nxd4 19. cxd4 O-O 20. Rfc1 Rxc1+
21. Rxc1 Qb6 22. g3 Nd7 23. Kg2 Qa7 24. Qd3 f5 25. Qc4+ Kh8 26. Qe6 Nb6 27.
exf5 Rxf5 28. Ne4 d5 29. Ng5 h6 30. Nf7+ Kh7 31. Ne5 Bxe5 32. dxe5 Nc4 33. f4
h5 34. Re1 Ne3+ 35. Rxe3 Qxe3 36. Qxe7+ Kh6 37. Nc5 Qe2+ 38. Kg1 Qe1+ 39. Kg2
Qe2+ 40. Kg1 Qe1+ 41. Kg2 h4 42. Qxh4+ Rh5 43. Qg4 Qd2+ 44. Kf1 Qc1+ 45. Kg2
Qxb2+ 46. Kf1 Qc1+ 47. Kg2 Qxc5 48. h4 Qc2+ 49. Kf1 Rf5 50. Qf3 b3 0-1

[Event "SR 3. liga A2 2010/2011"]
[Site "?"]
[Date "2011.04.03"]
[Round "11.1"]
[White "Manak, Jozef"]
[Black "Ambros, Rafael"]
[Result "1-0"]
[WhiteElo "2032"]
[BlackElo "2025"]
[PlyCount "53"]
[EventDate "2010.??.??"]
[WhiteTeam "Slovakia"]
[BlackTeam "II"]
[WhiteTeamCountry "SVK"]
[BlackTeamCountry "SVK"]

1. e4 c5 2. Nf3 d6 3. c4 Nc6 4. d4 cxd4 5. Nxd4 Nf6 6. Nc3 g6 7. Be2 Bg7 8. Be3
O-O 9. Rc1 Bd7 10. b3 Qa5 11. O-O h5 12. h3 Qd8 13. f4 Qc8 14. Nd5 Re8 15. Bf3
Nxd4 16. Bxd4 e5 17. fxe5 dxe5 18. Be3 Nh7 19. Qd2 Bc6 20. Qf2 Bxd5 21. cxd5
Qb8 22. Bxh5 Rf8 23. Be2 f5 24. Bc5 Rf6 25. Be7 Rf7 26. d6 b6 27. Bc4 1-0

[Event "SR 3. liga A2 2010/2011"]
[Site "?"]
[Date "2011.04.03"]
[Round "11.2"]
[White "Cechovic, Stefan"]
[Black "Sefcik, Marek"]
[Result "1/2-1/2"]
[WhiteElo "2190"]
[BlackElo "2025"]
[PlyCount "48"]
[EventDate "2010.??.??"]
[WhiteTeam "Slovakia"]
[BlackTeam "II"]
[WhiteTeamCountry "SVK"]
[BlackTeamCountry "SVK"]

1. Nf3 f5 2. c4 Nf6 3. Nc3 e6 4. d4 d5 5. e3 c6 6. Qc2 Bd6 7. g3 O-O 8. c5 Bc7
9. b4 a6 10. Bb2 Ne4 11. Ne5 Nd7 12. f4 Nxe5 13. dxe5 Nxc3 14. Bxc3 Bd7 15. Be2
Be8 16. a4 g6 17. a5 Qe7 18. O-O-O Rf7 19. g4 Rg7 20. Rdg1 Rd8 21. Rg2 Rd7 22.
Rhg1 Qf8 23. Qd1 Bd8 24. g5 Kf7 $11 1/2-1/2

[Event "SR 3. liga A2 2010/2011"]
[Site "?"]
[Date "2011.04.03"]
[Round "11.2"]
[White "Janko, Ladislav"]
[Black "Strakac, Petr"]
[Result "0-1"]
[WhiteElo "2239"]
[BlackElo "2046"]
[PlyCount "98"]
[EventDate "2010.??.??"]
[WhiteTeam "Slovakia"]
[BlackTeam "II"]
[WhiteTeamCountry "SVK"]
[BlackTeamCountry "SVK"]

1. e4 e5 2. Nf3 Nc6 3. Bb5 a6 4. Ba4 f5 5. d3 fxe4 6. dxe4 Nf6 7. Bb3 h6 8. O-O
d6 9. Nh4 Ne7 10. f4 Bg4 11. Qd3 Qd7 12. f5 d5 13. exd5 O-O-O 14. c4 e4 15. Qe3
b6 16. Nc3 Nexd5 17. Qe1 Bc5+ 18. Kh1 Nxc3 19. Qxc3 Be2 20. Re1 Qd3 21. Ng6
Rhe8 22. Nf4 Qxc3 23. bxc3 Bg4 24. Ne6 Bf2 25. Rf1 e3 26. Bxe3 Bxe3 27. Nxd8
Rxd8 28. Rae1 Rd3 29. h3 Bh5 30. g4 Be8 31. Re2 Bc6+ 32. Kh2 Bc5 33. Bc2 Bd6+
34. Kg1 Rxh3 35. Kf2 Nxg4+ 36. Ke1 Rxc3 37. Kd2 Rxc4 38. Bb3 Bb4+ 39. Kd1 Rd4+
40. Kc2 Be4+ 41. Kb2 c5 42. Be6+ Kc7 43. Rg1 Bf3 44. Rc2 Rd3 45. f6 Ba3+ 46.
Kb1 Nxf6 47. Bc4 Rd4 48. Rc3 Be4+ 49. Ka1 Bb4 0-1

[Event "SR 3. liga A2 2010/2011"]
[Site "?"]
[Date "2011.04.03"]
[Round "11.2"]
[White "Merva, Frantisek"]
[Black "Halas, Miroslav"]
[Result "0-1"]
[WhiteElo "2038"]
[BlackElo "1935"]
[PlyCount "76"]
[EventDate "2010.??.??"]
[WhiteTeam "Slovakia"]
[BlackTeam "II"]
[WhiteTeamCountry "SVK"]
[BlackTeamCountry "SVK"]

1. d4 Nf6 2. Nf3 e6 3. g3 c5 4. Bg2 d5 5. O-O Nc6 6. a3 Qb6 7. dxc5 Bxc5 8. b4
Be7 9. c4 dxc4 10. Qc2 O-O 11. Nbd2 c3 12. Qxc3 Nd5 13. Qc2 Bf6 14. Bb2 Bd7 15.
Ne4 Bxb2 16. Qxb2 Nce7 17. Rfd1 Rfc8 18. Qe5 Ba4 19. Rdc1 Bc2 20. Nc5 Bg6 21.
h4 h6 22. Nd4 a5 23. h5 Bh7 24. Nd7 Qd8 25. Nxe6 fxe6 26. Qxe6+ Kh8 27. Ne5 Bg8
28. Qh3 axb4 29. Rd1 Qb6 30. Bxd5 Bxd5 31. Rxd5 Nxd5 32. e4 Ne7 33. Rd1 Rf8 34.
Rd2 bxa3 35. Qd7 a2 36. Qxe7 a1=Q+ 37. Kg2 Qf6 38. Ng6+ Kg8 0-1

[Event "SR 3. liga A2 2010/2011"]
[Site "?"]
[Date "2011.04.03"]
[Round "11.2"]
[White "Meszaros, Lorant"]
[Black "Hirmajer, Jan"]
[Result "1/2-1/2"]
[WhiteElo "2076"]
[BlackElo "2030"]
[PlyCount "52"]
[EventDate "2010.??.??"]
[WhiteTeam "Slovakia"]
[BlackTeam "II"]
[WhiteTeamCountry "SVK"]
[BlackTeamCountry "SVK"]

1. d4 Nf6 2. c4 g6 3. g3 Bg7 4. Nf3 d6 5. Bg2 O-O 6. Nc3 Nc6 7. O-O e5 8. e4
Re8 9. Re1 exd4 10. Nxd4 Nxd4 11. Qxd4 Nxe4 12. Qe3 Nf6 13. Qd2 Rxe1+ 14. Qxe1
c6 15. Bf4 Be6 16. Rd1 d5 17. Qd2 Qe7 18. cxd5 Nxd5 19. Nxd5 cxd5 20. Bxd5 Bxd5
21. Qxd5 Bxb2 22. Rb1 Rd8 23. Qb3 Bf6 24. Qxb7 Rd1+ 25. Kg2 Rd7 26. Qc6 Kg7
1/2-1/2

[Event "SR 3. liga A2 2010/2011"]
[Site "?"]
[Date "2011.04.03"]
[Round "11.2"]
[White "Pribila, Gerhard"]
[Black "Manak, Adrian"]
[Result "1-0"]
[WhiteElo "2032"]
[BlackElo "1909"]
[PlyCount "109"]
[EventDate "2010.??.??"]
[WhiteTeam "Slovakia"]
[BlackTeam "II"]
[WhiteTeamCountry "SVK"]
[BlackTeamCountry "SVK"]

1. e4 e6 2. d4 d5 3. Nc3 Bb4 4. e5 Ne7 5. a3 Bxc3+ 6. bxc3 c5 7. Qg4 Qc7 8.
Qxg7 Rg8 9. Qxh7 cxd4 10. Ne2 Nbc6 11. f4 Bd7 12. Qd3 dxc3 13. Qxc3 Nf5 14. Rb1
Rc8 15. g3 Na5 16. Qxc7 Rxc7 17. c3 Ba4 18. Bd2 Bc2 19. Rb4 Be4 20. Rg1 Nc4 21.
Nd4 Nxd4 22. cxd4 Nxa3 23. Bb5+ Nxb5 24. Rxb5 b6 25. Ke2 Kf8 26. Rc1 Rxc1 27.
Bxc1 Kg7 28. Rb3 Rh8 29. h4 Rc8 30. Bd2 Rc4 31. Ke3 Bf5 32. Ra3 a5 33. Rb3 Rc6
34. Kf3 Bc2 35. Rc3 Bd1+ 36. Ke3 Rc4 37. Rxc4 dxc4 38. f5 Bg4 39. fxe6 fxe6 40.
Kf4 Be2 41. g4 a4 42. Bb4 b5 43. Kg5 a3 44. Bxa3 c3 45. Bb4 c2 46. Bd2 b4 47.
h5 b3 48. Bc1 Bf3 49. Kh4 Be4 50. g5 Kh7 51. g6+ Kh8 52. Kg5 Kg7 53. h6+ Kg8
54. Kf6 Bf5 55. d5 1-0

[Event "SR 3. liga A2 2010/2011"]
[Site "?"]
[Date "2011.04.03"]
[Round "11.2"]
[White "Skapikova, Lubica"]
[Black "Sekera, Branislav"]
[Result "1/2-1/2"]
[WhiteElo "1926"]
[BlackElo "2149"]
[PlyCount "33"]
[EventDate "2010.??.??"]
[WhiteTeam "Slovakia"]
[BlackTeam "II"]
[WhiteTeamCountry "SVK"]
[BlackTeamCountry "SVK"]

1. e4 d6 2. d4 g6 3. Nf3 Bg7 4. c3 c6 5. Bd3 Qc7 6. O-O e5 7. dxe5 dxe5 8. Re1
Nf6 9. Nbd2 O-O 10. Nf1 Nbd7 11. Ng3 Re8 12. h3 Nf8 13. Be3 b6 14. Qd2 Be6 15.
Bh6 Rad8 16. Bxg7 Kxg7 17. Qe2 1/2-1/2

[Event "SR 3. liga A2 2010/2011"]
[Site "?"]
[Date "2011.04.03"]
[Round "11.3"]
[White "Hrubsa, Marian"]
[Black "Dvorsky, Jozef"]
[Result "1/2-1/2"]
[WhiteElo "1979"]
[BlackElo "2024"]
[PlyCount "46"]
[EventDate "2010.??.??"]
[WhiteTeam "Slovakia"]
[BlackTeam "II"]
[WhiteTeamCountry "SVK"]
[BlackTeamCountry "SVK"]

1. e4 c5 2. Nf3 Nc6 3. d4 cxd4 4. Nxd4 e5 5. Nb5 a6 6. Nd6+ Bxd6 7. Qxd6 Qf6 8.
Qxf6 Nxf6 9. Nc3 Nb4 10. Kd2 d5 11. a3 d4 12. axb4 dxc3+ 13. Ke3 cxb2 14. Bxb2
O-O 15. f3 Re8 16. Ra5 Nd7 17. Be2 Rb8 18. Rd5 f6 19. Rhd1 Nf8 20. Rd6 Be6 21.
g3 Rbc8 22. c3 Bc4 23. Bxc4+ Rxc4 $11 1/2-1/2

[Event "SR 3. liga A2 2010/2011"]
[Site "?"]
[Date "2011.04.03"]
[Round "11.3"]
[White "Kovarik, Oto"]
[Black "Liptak, Dusan"]
[Result "1/2-1/2"]
[WhiteElo "2025"]
[BlackElo "2086"]
[PlyCount "180"]
[EventDate "2010.??.??"]
[WhiteTeam "Slovakia"]
[BlackTeam "II"]
[WhiteTeamCountry "SVK"]
[BlackTeamCountry "SVK"]

1. e4 e6 2. d4 d5 3. Nd2 c5 4. exd5 Qxd5 5. Ngf3 cxd4 6. Nb3 Bb4+ 7. Bd2 Bc5 8.
Bb5+ Bd7 9. Bxd7+ Nxd7 10. O-O Ne7 11. Re1 e5 12. c3 dxc3 13. Bxc3 f6 14. Qe2
Bb6 15. Red1 Qe6 16. Nbd4 Qf7 17. Nb5 Nc8 18. Bb4 a6 19. Nd6+ Nxd6 20. Bxd6 Rd8
21. b4 Qe6 22. Rac1 Nb8 23. Bc7 Bxc7 24. Rxc7 Rxd1+ 25. Qxd1 O-O 26. a4 b6 27.
h3 g6 28. b5 axb5 29. axb5 Kh8 30. Nh2 e4 31. Ng4 h5 32. Qd2 g5 33. Ne3 Qe5 34.
Qc2 f5 35. Rc8 Rxc8 36. Qxc8+ Kg7 37. Nxf5+ Kf6 38. Ne3 Qa1+ 39. Kh2 Qe5+ 40.
g3 Ke7 41. Nf5+ Kf6 42. Qf8+ Ke6 43. Ng7+ Kd5 44. Nxh5 Kc4 45. Nf6 Kxb5 46.
Nxe4 Qxe4 47. Qxb8 Qe2 48. Qf8 Qe5 49. Kg2 Kc4 50. Qc8+ Kb4 51. h4 Qe4+ 52. f3
Qe2+ 53. Kh3 gxh4 54. Qf8+ Kc4 55. gxh4 b5 56. Qf7+ Kc3 57. h5 Qf1+ 58. Kg3
Qg1+ 59. Kf4 b4 60. Qf6+ Kc2 61. Qc6+ Kd3 62. Qb5+ Kc3 63. Qe5+ Kc4 64. Qe4+
Kb5 65. Qd5+ Ka4 66. Qa2+ Kb5 67. Qb3 Qh2+ 68. Kg4 Qg2+ 69. Kf5 Qh3+ 70. Kg6
Qg3+ 71. Kh7 Qc7+ 72. Kg8 Qd8+ 73. Kf7 Qd7+ 74. Kf6 Qd4+ 75. Ke6 Qb6+ 76. Kf5
Qc5+ 77. Kg4 Qg1+ 78. Kh4 Qh2+ 79. Kg5 Qg3+ 80. Kf5 Qh3+ 81. Kg5 Qg3+ 82. Kf6
Qf4+ 83. Kg6 Qd6+ 84. Kh7 Qd7+ 85. Kg6 Qd6+ 86. Kf7 Qd7+ 87. Kf6 Qd4+ 88. Ke6
Qb6+ 89. Ke7 Qc5+ 90. Ke6 Qxh5 $11 1/2-1/2

[Event "SR 3. liga A2 2010/2011"]
[Site "?"]
[Date "2011.04.03"]
[Round "11.3"]
[White "Kozinka, Roman"]
[Black "Lanik, Miroslav"]
[Result "1/2-1/2"]
[WhiteElo "2049"]
[BlackElo "1871"]
[PlyCount "39"]
[EventDate "2010.??.??"]
[WhiteTeam "Slovakia"]
[BlackTeam "II"]
[WhiteTeamCountry "SVK"]
[BlackTeamCountry "SVK"]

1. Nf3 Nf6 2. c4 e6 3. g3 b6 4. Bg2 Bb7 5. O-O c5 6. Nc3 Be7 7. b3 d6 8. Bb2
O-O 9. d4 cxd4 10. Nxd4 Bxg2 11. Kxg2 a6 12. Qd3 Qc7 13. Qf3 Nbd7 14. Nc6 Ne5
15. Nxe5 dxe5 16. Rfd1 Rad8 17. Ne4 Nxe4 18. Qxe4 Bf6 19. Rac1 h6 20. e3
1/2-1/2

[Event "SR 3. liga A2 2010/2011"]
[Site "?"]
[Date "2011.04.03"]
[Round "11.3"]
[White "Krist, Milan"]
[Black "Obdrzalkova, Anita"]
[Result "1-0"]
[WhiteElo "2004"]
[BlackElo "2014"]
[PlyCount "91"]
[EventDate "2010.??.??"]
[WhiteTeam "Slovakia"]
[BlackTeam "II"]
[WhiteTeamCountry "SVK"]
[BlackTeamCountry "SVK"]

1. d4 Nf6 2. Nf3 e6 3. Bg5 c5 4. e3 d5 5. c3 Nbd7 6. Be2 Bd6 7. O-O Qc7 8. Bh4
Ne4 9. Nbd2 f5 10. Bg3 Nxg3 11. hxg3 b6 12. c4 Nf6 13. Rc1 O-O 14. Qc2 Qe7 15.
b3 Ng4 16. Qc3 Bb7 17. Ne5 cxd4 18. exd4 Bb4 19. Qd3 Nxe5 20. dxe5 Rad8 21. Nf3
Ba3 22. Rcd1 dxc4 23. Qxc4 Rc8 24. Qf4 Rc2 25. Bc4 Bxf3 26. Qxf3 Rc8 27. Qd3
Rb2 28. Qd7 Re8 29. Qc6 Bc5 30. Rd7 Qg5 31. Bxe6+ Kh8 32. Rd2 Qe7 33. Rxb2 Qxe6
34. Qxe6 Rxe6 35. Re2 h6 36. Rd1 Kh7 37. Kf1 a5 38. Rd7 h5 39. f4 Kh6 40. Rc2
Kg6 41. Ke2 Re8 42. Rxc5 bxc5 43. Rc7 Ra8 44. Rxc5 a4 45. b4 Rb8 46. a3 1-0

[Event "SR 3. liga A2 2010/2011"]
[Site "?"]
[Date "2011.04.03"]
[Round "11.3"]
[White "Nemsak, Denis"]
[Black "Pribila, Michal"]
[Result "1-0"]
[WhiteElo "1791"]
[BlackElo "2103"]
[PlyCount "78"]
[EventDate "2010.??.??"]
[WhiteTeam "Slovakia"]
[BlackTeam "II"]
[WhiteTeamCountry "SVK"]
[BlackTeamCountry "SVK"]

1. c4 e6 2. e4 d5 3. exd5 exd5 4. cxd5 Nf6 5. Bb5+ Bd7 6. Bc4 Bd6 7. Nc3 a6 8.
a4 O-O 9. Nge2 Bg4 10. f3 Bh5 11. O-O Nbd7 12. d4 Re8 13. Nf4 Nb6 14. Ba2 Bxf4
15. Bxf4 Rc8 16. Bg5 Qd6 17. Bxf6 Qxf6 18. a5 Nd7 19. Qd2 Bg6 20. Rae1 Qh4 21.
g3 Qf6 22. Ne4 Qd8 23. d6 Nf8 24. Qf4 Ne6 25. Bxe6 fxe6 26. d7 Qxd7 27. Nc5 Qc6
28. Re5 Rcd8 29. Rfe1 Bf7 30. Qg4 h5 31. Qf4 b6 32. axb6 Qxb6 33. b3 a5 34. Qe4
Qb4 35. Nxe6 Rd7 36. Kg2 Rde7 37. Nxc7 Rxe5 38. dxe5 Qxe4 39. Rxe4 Rc8 {
èierny èas} 1-0

[Event "SR 3. liga A2 2010/2011"]
[Site "?"]
[Date "2011.04.03"]
[Round "11.4"]
[White "Kocak, Branislav"]
[Black "Strapko, Tomas"]
[Result "0-1"]
[WhiteElo "1927"]
[BlackElo "1892"]
[PlyCount "157"]
[EventDate "2010.??.??"]
[WhiteTeam "Slovakia"]
[BlackTeam "II"]
[WhiteTeamCountry "SVK"]
[BlackTeamCountry "SVK"]

1. d4 Nf6 2. c4 g6 3. Nf3 Bg7 4. Nc3 O-O 5. e4 d6 6. Be2 e5 7. O-O Nc6 8. d5
Ne7 9. Bd2 a5 10. Qc1 Ne8 11. Bh6 f5 12. Bxg7 Kxg7 13. Rd1 h6 14. h4 Nf6 15.
Bd3 f4 16. c5 Nh7 17. cxd6 cxd6 18. Nb5 Bg4 19. Qc7 Qxc7 20. Nxc7 Rac8 21. Rdc1
Nf6 22. Nh2 Bd7 23. a3 Ne8 24. Bb5 Rxc7 25. Rxc7 Nxc7 26. Bxd7 Rd8 27. Bh3 Na6
28. Nf1 Nc5 29. Nd2 a4 30. Rc1 b5 31. f3 Kf8 32. Rc3 Ra8 33. Kf1 Ke8 34. Ke2
Kd8 35. Kd1 Kc7 36. Kc2 Kb6 37. Kb1 Rg8 38. Ka2 g5 39. hxg5 Rxg5 40. b4 Nb7 41.
Rc2 Rg8 42. Nf1 h5 43. Kb1 Nd8 44. Kc1 Nf7 45. Be6 Rf8 46. Bxf7 Rxf7 47. Kd2
Rg7 48. Ke1 Kb7 49. Kf2 Rg8 50. Kg1 Ng6 51. Kh2 Rg7 52. Kh3 Rc7 53. Rxc7+ Kxc7
54. g4 fxg3 55. Nxg3 Nf4+ 56. Kh4 Ng2+ 57. Kxh5 Ne1 58. Ne2 Nxf3 59. Nc3 Nd4
60. Kg6 Kd7 $11 61. Kf6 Ke8 62. Na2 Kf8 63. Nc1 Ke8 64. Nd3 Kd7 65. Ne1 Ne2 66.
Ng2 Nc3 67. Kf5 Nb1 68. Ne3 Nxa3 69. Ng4 Nc4 70. Nf6+ Kd8 71. Ke6 a3 72. Ng4 a2
73. Nh6 a1=Q 74. Nf7+ Kc7 75. Nh6 Qh1 76. Nf5 Qh3 77. Kf6 Qf3 78. Ke6 Qxe4 79.
Ne7 0-1

[Event "SR 3. liga A2 2010/2011"]
[Site "?"]
[Date "2011.04.03"]
[Round "11.4"]
[White "Liptak, Tomas"]
[Black "Jozefovic, Milan"]
[Result "1-0"]
[WhiteElo "2073"]
[BlackElo "1917"]
[PlyCount "50"]
[EventDate "2010.??.??"]
[WhiteTeam "Slovakia"]
[BlackTeam "II"]
[WhiteTeamCountry "SVK"]
[BlackTeamCountry "SVK"]

1. e4 e5 2. Nf3 d6 3. d4 exd4 4. Nxd4 Nf6 5. Nc3 Bd7 6. Bg5 h6 7. Bh4 Nc6 8. f4
Nxd4 9. Qxd4 Be7 10. Be2 Bc6 11. Bf2 b6 12. O-O-O O-O 13. g4 Nd7 14. Nd5 Bf6
15. Qd2 Nc5 16. Bf3 Re8 17. Rde1 Bh4 18. Bxh4 Qxh4 19. Nxc7 Rac8 20. Nxe8 Rxe8
21. Qd4 Qh3 22. Re3 Qh4 23. Qxd6 Bxe4 24. Bxe4 Nxe4 25. Qc6 Qf6 1-0

[Event "SR 3. liga A2 2010/2011"]
[Site "?"]
[Date "2011.04.03"]
[Round "11.4"]
[White "Puobis, Jozef"]
[Black "Londin, Martin"]
[Result "1-0"]
[WhiteElo "1949"]
[BlackElo "1977"]
[PlyCount "120"]
[EventDate "2010.??.??"]
[WhiteTeam "Slovakia"]
[BlackTeam "II"]
[WhiteTeamCountry "SVK"]
[BlackTeamCountry "SVK"]

1. e4 e5 2. Nf3 Nc6 3. Bc4 Bc5 4. O-O Nf6 5. d4 Bxd4 6. Nxd4 Nxd4 7. f4 d6 8.
fxe5 dxe5 9. Bg5 Be6 10. Na3 Qd7 11. Bxf6 gxf6 12. c3 Bg4 13. Qe1 Ne6 14. Qh4
Rg8 15. Qxf6 Bh3 16. Rf2 Bxg2 17. Rxg2 Rxg2+ 18. Kxg2 Nf4+ 19. Kh1 Qg4 20.
Bxf7+ Kd7 21. Qf5+ Qxf5 22. exf5 Ke7 23. Bb3 Kf6 24. Bc2 Rg8 25. Rg1 Rf8 26.
Nc4 Rd8 27. Ne3 h5 28. Rd1 Rg8 29. Nd5+ Nxd5 30. Rxd5 Rg7 31. Rd2 Re7 32. Kg1
e4 33. Rd5 c6 34. Rc5 b6 35. Rxc6+ Kxf5 36. Rd6 Kf4 37. Kf2 e3+ 38. Ke2 Kg4 39.
Rd4+ Kh3 40. Re4 Rg7 41. Rxe3+ Kxh2 42. Be4 h4 43. Rf3 h3 44. Rf1 Rg2+ 45. Bxg2
hxg2 46. Rf2 Kh1 47. Rxg2 Kxg2 48. a4 Kg3 49. Ke3 Kg4 50. Ke4 Kg5 51. Ke5 Kg6
52. Ke6 Kg5 53. Kd6 Kf5 54. Kc6 Ke5 55. Kb7 Kd5 56. b3 Kc5 57. Ka6 Kc6 58. b4
Kc7 59. Kxa7 Kc6 60. Ka6 Kc7 1-0

[Event "SR 3. liga A2 2010/2011"]
[Site "?"]
[Date "2011.04.03"]
[Round "11.4"]
[White "Szitasi, Janos"]
[Black "Lanyi, Frantisek"]
[Result "1-0"]
[WhiteElo "2020"]
[BlackElo "1725"]
[PlyCount "57"]
[EventDate "2010.??.??"]
[WhiteTeam "Slovakia"]
[BlackTeam "II"]
[WhiteTeamCountry "SVK"]
[BlackTeamCountry "SVK"]

1. e4 e5 2. Nf3 Nc6 3. Bb5 Nf6 4. O-O d6 5. d4 exd4 6. Nxd4 Bd7 7. Nxc6 Bxc6 8.
Bxc6+ bxc6 9. Qf3 c5 10. Rd1 Nd7 11. Nc3 Be7 12. Qg3 O-O 13. f4 c6 14. e5 d5
15. f5 Kh8 16. Bf4 c4 17. Rab1 Rg8 18. b3 Qa5 19. bxc4 Qc5+ 20. Kh1 Qxc4 21.
Rb7 Bb4 22. Rxd7 Bxc3 23. Rxf7 d4 24. e6 Qe2 25. Qd3 Qxd3 26. Rxd3 Rgf8 27. Bd6
Rxf7 28. exf7 g6 29. Be5# 1-0

[Event "SR 3. liga A2 2010/2011"]
[Site "?"]
[Date "2011.04.03"]
[Round "11.4"]
[White "Ujhelyi, Matus"]
[Black "Bahna, Jan"]
[Result "1/2-1/2"]
[WhiteElo "2006"]
[BlackElo "1975"]
[PlyCount "42"]
[EventDate "2010.??.??"]
[WhiteTeam "Slovakia"]
[BlackTeam "II"]
[WhiteTeamCountry "SVK"]
[BlackTeamCountry "SVK"]

1. e4 e5 2. Nf3 Nc6 3. Bb5 a6 4. Ba4 Nf6 5. O-O b5 6. Bb3 d6 7. h3 Na5 8. d3
Be7 9. Nc3 Nxb3 10. axb3 Bb7 11. Ne2 O-O 12. Ng3 Re8 13. Nf5 Bf8 14. Bg5 h6 15.
Bh4 Kh7 16. Nh2 g6 17. Ne3 Bg7 18. Nhg4 h5 19. Nxf6+ Bxf6 20. Bg3 Rf8 21. c4
Bg7 1/2-1/2

[Event "SR 3. liga A2 2010/2011"]
[Site "?"]
[Date "2011.04.03"]
[Round "11.5"]
[White "Hagara, Vladimir"]
[Black "Feher, Tibor"]
[Result "1-0"]
[WhiteElo "1900"]
[BlackElo "1805"]
[PlyCount "81"]
[EventDate "2010.??.??"]
[WhiteTeam "Slovakia"]
[BlackTeam "II"]
[WhiteTeamCountry "SVK"]
[BlackTeamCountry "SVK"]

1. d4 d5 2. c4 c6 3. Nf3 Nf6 4. Nc3 e6 5. Bg5 Be7 6. e3 Nbd7 7. Rc1 O-O 8. Bd3
dxc4 9. Bxc4 Nb6 10. Bd3 Nbd5 11. O-O Bd7 12. Ne5 Rc8 13. Qe2 Nxc3 14. bxc3 Be8
15. Bb1 Nd7 16. Bxe7 Qxe7 17. Nxd7 Bxd7 18. Qc2 f5 19. Qb3 Rb8 20. f4 Rf6 21.
Rce1 Rh6 22. g3 Qf7 23. e4 Kh8 24. exf5 Qh5 25. Qc2 exf5 26. Re5 Rf6 27. Qe2
Qxe2 28. Rxe2 g6 29. Rfe1 Rf7 30. Bc2 Rd8 31. Re5 h6 32. Bb3 Rg7 33. Re7 Rxe7
34. Rxe7 Bc8 35. Kf2 Bd7 36. a3 b6 37. Bf7 g5 38. fxg5 hxg5 39. h4 gxh4 40.
gxh4 Kg7 41. Be6+ 1-0

[Event "SR 3. liga A2 2010/2011"]
[Site "?"]
[Date "2011.04.03"]
[Round "11.5"]
[White "Husek, Lubomir"]
[Black "Sarmir, Milos"]
[Result "0-1"]
[WhiteElo "1786"]
[BlackElo "2062"]
[PlyCount "104"]
[EventDate "2010.??.??"]
[WhiteTeam "Slovakia"]
[BlackTeam "II"]
[WhiteTeamCountry "SVK"]
[BlackTeamCountry "SVK"]

1. e4 e5 2. Nf3 Nc6 3. Bb5 a6 4. Ba4 Nf6 5. O-O Be7 6. Re1 b5 7. Bb3 d6 8. c3
O-O 9. h3 Na5 10. Bc2 c5 11. d4 Qc7 12. d5 Bd7 13. Nbd2 c4 14. Nf1 Nb7 15. g4
a5 16. Ng3 g6 17. Nh2 b4 18. Be3 Nc5 19. Rc1 bxc3 20. bxc3 Rfb8 21. Rb1 Rxb1
22. Bxb1 Rb8 23. Qe2 Na4 24. Qc2 Rb2 25. Qc1 Qb8 26. Bd2 Bd8 27. Ne2 Bb6 28.
Nf1 Bc5 29. Ne3 Qb5 30. Kg2 Ba3 31. Nc2 Bc5 32. f3 Bb6 33. Kg3 Ba7 34. Be3 Bxe3
35. Nxe3 Nc5 36. Nxc4 Rxe2 37. Rxe2 Qxc4 38. Rb2 Kg7 39. Rb8 Na4 40. Rb3 Bb5
41. Qe1 Nd7 42. g5 Ndb6 43. h4 Nc5 44. Rb2 Nba4 45. Rh2 Nxc3 46. h5 Qb4 47. h6+
Kf8 48. Bc2 N3xe4+ 49. Qxe4 Nxe4+ 50. fxe4 Qe1+ 51. Kf3 Qf1+ 52. Rf2 Qh3# 0-1